[Event "DUTCH TOURNOI Pour Mon Pote!"]
[Site "SchemingMind.com"]
[Date "2006.09.20"]
[Round "-"]
[White "OlegK"]
[Black "janeck"]
[Result "1-0"]
[WhiteCountry "BLR"]
[BlackCountry "FRA"]
[WhiteElo "1982"]
[WhiteRD "113"]
[BlackElo "1632"]
[BlackRD "69"]
[GameID "68391"]

1. d4 f5 2. c4 e6 3. g3 Nf6 4. Bg2 Bb4+ 5. Bd2 Bxd2+ 6. Qxd2 O-O 7. Nc3 c6 8. Nf3 d5 9. Ne5 Nbd7 10. Nxd7 Bxd7
11. b3 Qe7 12. a3 e5 13. cxd5 exd4 14. Qxd4 cxd5 15. Nxd5 Qd8 16. Nxf6+ Rxf6 17. Bxb7 Rb8 18. Bd5+ Kh8 19. Bc4 Bc6 20. Qxd8+ Rxd8
21. O-O f4 22. Rad1 Rxd1 23. Rxd1 h6 24. Rd8+ Kh7 25. Bd3+ g6 26. Rc8 fxg3 27. hxg3 a5 28. Rc7+ Kh8 29. Ra7 Bd5 30. Rxa5 Bxb3
31. a4 Rb6 32. Rb5 Rxb5 33. axb5 g5 34. Be4 Bc4 35. b6 Ba6 36. b7 Bxb7 37. Bxb7 Kg7 38. e4 Kf6 39. f4 gxf4 40. gxf4 h5
41. Kg2 Kg6 42. Bc8 h4 43. Kh3 Kf6 44. Kxh4 Kf7 45. e5 Ke7 46. e6 Kd8 47. Bd7 Ke7 48. Kg5 Kf8 49. f5 Ke7 50. f6+
1-0

[Event "DUTCH TOURNOI Pour Mon Pote!"]
[Site "SchemingMind.com"]
[Date "2006.09.20"]
[Round "-"]
[White "OlegK"]
[Black "twotone"]
[Result "1-0"]
[WhiteCountry "BLR"]
[BlackCountry "ENG"]
[WhiteElo "1963"]
[WhiteRD "101"]
[BlackElo "1392"]
[BlackRD "67"]
[GameID "68392"]

1. d4 f5 2. g3 d5 3. c4 c6 4. cxd5 Qxd5 5. Nf3 e5 6. dxe5 Qxd1+ 7. Kxd1 Bc5 8. e3 b5 9. Nd4 Ne7 10. Bg2 O-O
11. Nxb5 Na6 12. a3 Rb8 13. N5c3 Rd8+ 14. Ke2 Be6 15. Rd1 Bc4+ 16. Ke1 Bb6 17. Rxd8+ Bxd8 18. Nd2 Bd5 19. e4 Be6 20. Rb1 fxe4
21. Bxe4 Nc5 22. Ke2 Nxe4 23. Ncxe4 Rb5 24. f4 Bb6 25. b3 Bg1 26. Nf3 Bb6 27. Nfd2 Bg4+ 28. Kf1 Be3 29. Nd6 Rd5 30. Rb2 c5
31. Kg2 Nc6 32. h3 Be2 33. Nf5 Bd3 34. Nxe3 Rd8 35. Kf2 Nd4 36. Nf3 Nb5 37. Rd2 Nc3 38. Kg2 Ne4 39. Rb2 Ba6 40. Nd2 Nc3
41. Ndc4 Nd1 42. Rd2 Rxd2+ 43. Bxd2 Nxe3+ 44. Bxe3 Kf7 45. Nd6+ Ke6 46. Bxc5 Bd3 47. Bxa7 Bc2 48. b4 Ba4 49. b5 Kd7 50. b6 Bc6+
51. Kf2 Bd5 52. a4 Bc6 53. a5 Bd5 54. a6 Bc6 55. b7
1-0

[Event "DUTCH TOURNOI Pour Mon Pote!"]
[Site "SchemingMind.com"]
[Date "2006.09.20"]
[Round "-"]
[White "OlegK"]
[Black "banong"]
[Result "1-0"]
[WhiteCountry "BLR"]
[BlackCountry "PHI"]
[WhiteElo "1995"]
[WhiteRD "101"]
[BlackElo "1559"]
[BlackRD "69"]
[GameID "68393"]

1. d4 f5 2. c4 Nf6 3. g3 g6 4. Bg2 Bg7 5. Nf3 O-O 6. O-O d6 7. Nc3 Nc6 8. Bg5 d5 9. Bxf6 exf6 10. Nxd5 b5
11. cxb5 Ne7 12. Nxe7+ Qxe7 13. Ne5 fxe5 14. Bxa8 f4 15. dxe5 Qxe5 16. Qd5+ Qxd5 17. Bxd5+ Kh8 18. Rac1 Be5 19. b3 Bh3 20. Rfd1 fxg3
21. hxg3 Bd6 22. Rd4 h5 23. e4 g5 24. Rdc4 h4 25. R4c3 hxg3 26. fxg3 g4 27. Be6 Rb8 28. Bd7 Rf8 29. Bf5 Kg7 30. Rd3 Rb8
31. Rd5 Rf8 32. Rc2 Re8 33. Kf2 Kf6 34. Rc6 Re5 35. Rcxd6+ cxd6 36. Rxd6+ Kf7 37. Rd7+ Re7 38. Rxe7+ Kxe7 39. e5 Kf7 40. a4
1-0

[Event "DUTCH TOURNOI Pour Mon Pote!"]
[Site "SchemingMind.com"]
[Date "2006.09.20"]
[Round "-"]
[White "OlegK"]
[Black "Ursus"]
[Result "1-0"]
[WhiteCountry "BLR"]
[BlackCountry "INT"]
[WhiteElo "1963"]
[WhiteRD "101"]
[BlackElo "1709"]
[BlackRD "62"]
[GameID "68394"]

1. d4 f5 2. c4 Nf6 3. g3 c6 4. Nf3 d6 5. Bg2 Qc7 6. Nc3 e5 7. dxe5 dxe5 8. Bg5 Bb4 9. Bxf6 gxf6 10. Qc2 e4
11. Nd4 Na6 12. a3 Qa5 13. Rc1 Bxc3+ 14. Qxc3 Qc7 15. Bh3 f4 16. Bxc8 Rxc8 17. Ne6 Qe5 18. Nxf4 Qxc3+ 19. Rxc3 Rd8 20. Re3 f5
21. f3 Rd4 22. b3 Kf7 23. fxe4 fxe4 24. O-O Ke7 25. Nh5 Nc5 26. Rf4 Re8 27. b4
1-0

[Event "DUTCH TOURNOI Pour Mon Pote!"]
[Site "SchemingMind.com"]
[Date "2006.09.20"]
[Round "-"]
[White "OlegK"]
[Black "kifosi"]
[Result "1/2-1/2"]
[WhiteCountry "BLR"]
[BlackCountry "DEN"]
[WhiteElo "1963"]
[WhiteRD "101"]
[BlackElo "1669"]
[BlackRD "80"]
[GameID "68395"]

1. d4 f5 2. c4 e6 3. g3 Nf6 4. Bg2 c6 5. Nf3 d5 6. Bg5 Be7 7. Nc3 h6 8. Bf4 dxc4 9. Ne5 Nd5 10. Bd2 Nd7
11. Nxc4 N7f6 12. f3 Nb6 13. Nxb6 Qxb6 14. Bc1 O-O 15. e3 Bb4 16. O-O Bd7 17. Na4 Qc7 18. Bd2 Bxd2 19. Qxd2 Rfe8 20. Rac1 Red8
21. Rfd1 Be8 22. Qb4 Nd5 23. Qb3 Nb6 24. Nxb6 Qxb6 25. Qxe6+ Bf7 26. Qxf5 Bxa2 27. Rd2 Rd5 28. Qe6+ Kh8 29. b4 Bb3 30. Rb2 Ba4
31. Ra1 Bb5 32. Qg6 Rxd4 33. Bh3 Bd3 34. Bf5 Bxf5 35. Qxf5 Rd5 36. Qe4 Rad8=
1/2-1/2

[Event "DUTCH TOURNOI Pour Mon Pote!"]
[Site "SchemingMind.com"]
[Date "2006.09.20"]
[Round "-"]
[White "OlegK"]
[Black "mindgame"]
[Result "1-0"]
[WhiteCountry "BLR"]
[BlackCountry "BEL"]
[WhiteElo "1982"]
[WhiteRD "113"]
[BlackElo "1583"]
[BlackRD "93"]
[GameID "68396"]

1. d4 f5 2. c4 Nf6 3. g3 e6 4. Bg2 c5 5. Nf3 Nc6 6. O-O Be7 7. e3 O-O 8. Nc3 d6 9. b3 Ne4 10. Bb2 cxd4
11. Nxe4 fxe4 12. Nxd4 d5 13. Qc2 Nb4 14. Qe2 Nd3 15. f3 Nxb2 16. Qxb2 Bf6 17. fxe4 dxc4 18. bxc4 e5 19. Nb5 Be6 20. c5 a6
21. Nd6 b5 22. Rfd1 Bg5 23. Qc3 Qe7 24. Rd3 Rf6 25. Qxe5 Raf8 26. h4 Bh6 27. g4 Rf2 28. Nf5 Rxg2+ 29. Kxg2
1-0

[Event "DUTCH TOURNOI Pour Mon Pote!"]
[Site "SchemingMind.com"]
[Date "2006.09.20"]
[Round "-"]
[White "OlegK"]
[Black "Coloplast"]
[Result "1-0"]
[WhiteCountry "BLR"]
[BlackCountry "SWE"]
[WhiteElo "1995"]
[WhiteRD "101"]
[BlackElo "1984"]
[BlackRD "78"]
[GameID "68397"]

1. d4 f5 2. c4 Nf6 3. g3 g6 4. Bg2 Bg7 5. Nf3 d6 6. O-O O-O 7. Nc3 Nc6 8. Bg5 e5 9. e3 h6 10. Bxf6 Bxf6
11. dxe5 Nxe5 12. Qd5+ Kg7 13. Nxe5 dxe5 14. e4 c6 15. Qd1 Be6 16. b3 Qa5 17. Qc2 Rad8 18. Bh3 Bg5 19. Rad1 Rd4 20. Rxd4 exd4
21. Na4 b6 22. Rd1 c5 23. Qb1 Bc8 24. f4 Be7 25. Re1 Bd6 26. Re2 a6 27. exf5 Bxf5 28. Bxf5 Rxf5 29. Qe4 b5 30. Qc6 Bf8
31. Re6 bxa4 32. Rxg6+ Kh7 33. Qe6 Qe1+ 34. Qxe1 Kxg6 35. Qe8+ Kg7 36. Qxa4 Rf6 37. Qd7+ Kg6 38. Kg2 Rd6 39. Qe8+ Kg7 40. Qe5+ Kf7
41. Qf5+ Kg8 42. Qd3 Re6 43. Kh3 Re3 44. Qg6+ Kh8 45. f5 d3 46. f6 d2 47. f7 Bg7 48. Qd6 Rf3 49. Qxd2 Rxf7 50. Qd6 Rf5
51. Qxa6 Kh7 52. Qb7 Kg6 53. Qe4 Kf6 54. a4 Re5 55. Qc6+ Kf7 56. a5 Rh5+ 57. Kg2 Bf8 58. Qf3+
1-0

[Event "DUTCH TOURNOI Pour Mon Pote!"]
[Site "SchemingMind.com"]
[Date "2006.09.20"]
[Round "-"]
[White "sythymesnos"]
[Black "OlegK"]
[Result "1-0"]
[WhiteCountry "FRA"]
[BlackCountry "BLR"]
[WhiteElo "1715"]
[WhiteRD "70"]
[BlackElo "1963"]
[BlackRD "101"]
[GameID "68398"]

1. d4 f5 2. Nc3 Nf6 3. Bg5 g6 4. e4 fxe4 5. Bc4 h6 6. Bxf6 exf6 7. Qg4 d6 8. Qxg6+ Kd7 9. O-O-O Qe7 10. Nh3 Kd8
11. Rhe1 f5 12. Nxe4 fxe4 13. Rxe4 Bxh3 14. Rxe7 Bxe7 15. gxh3 Nc6 16. Qg7 Kd7 17. Re1 h5 18. d5 Rae8 19. dxc6+ bxc6 20. Rxe7+ Rxe7
21. Qxh8 Re5 22. Bf7 Rf5 23. Qe8#
1-0

[Event "DUTCH TOURNOI Pour Mon Pote!"]
[Site "SchemingMind.com"]
[Date "2006.09.20"]
[Round "-"]
[White "janeck"]
[Black "OlegK"]
[Result "0-1"]
[WhiteCountry "FRA"]
[BlackCountry "BLR"]
[WhiteElo "1632"]
[WhiteRD "69"]
[BlackElo "1982"]
[BlackRD "113"]
[GameID "68399"]

1. d4 f5 2. c4 g6 3. Nc3 Bg7 4. Nf3 Nc6 5. Bg5 h6 6. Bd2 Nxd4 7. Nxd4 Bxd4 8. Rc1 c6 9. e3 Bg7 10. Be2 Nf6
11. O-O d5 12. cxd5 Nxd5 13. Nxd5 Qxd5 14. Bc3 Qxd1 15. Rfxd1 Bxc3 16. Rxc3 Be6 17. a3 Bd5 18. Bc4 e6 19. Be2 Ke7 20. h3 Rad8
21. b4 Ba2 22. Rxd8 Rxd8 23. Bc4 Rd1+ 24. Kh2 Bxc4 25. Rxc4 Rd3 26. a4 Kd6 27. Kg3 e5 28. Kf3 Kd5 29. Rc5+ Kd6 30. a5 Rb3
31. Rc4 b5 32. Rc5 Rxb4 33. Rc1 Ra4 34. Rd1+ Kc7 35. g4 f4 36. exf4 Rxf4+ 37. Kg3 Rd4 38. Re1 Kd6 39. h4 c5 40. f3 a6
41. Rh1 c4 42. Rc1 b4 43. g5 h5 44. Kf2 Rxh4 45. Ke3 Kc5 46. Rc2 c3
0-1

[Event "DUTCH TOURNOI Pour Mon Pote!"]
[Site "SchemingMind.com"]
[Date "2006.09.20"]
[Round "-"]
[White "twotone"]
[Black "OlegK"]
[Result "0-1"]
[WhiteCountry "ENG"]
[BlackCountry "BLR"]
[WhiteElo "1419"]
[WhiteRD "66"]
[BlackElo "1982"]
[BlackRD "113"]
[GameID "68400"]

1. d4 f5 2. e3 Nf6 3. c4 d6 4. Nf3 g6 5. Nc3 Bg7 6. d5 e6 7. Bd2 O-O 8. Bd3 Na6 9. O-O e5 10. Bc2 Nc5
11. b4 Ncd7 12. Re1 e4 13. Nd4 Ne5 14. Bb3 Nd3 15. Re2 Nxb4 16. a3 Nd3 17. Na4 Ng4 18. Be1 f4 19. exf4 Bxd4 20. Rb1 Qh4
21. h3 Rxf4 22. hxg4 Bxg4 23. Rbb2 Rxf2 24. Rxf2 Bxd1 25. Kf1 Qh1#
0-1

[Event "DUTCH TOURNOI Pour Mon Pote!"]
[Site "SchemingMind.com"]
[Date "2006.09.20"]
[Round "-"]
[White "banong"]
[Black "OlegK"]
[Result "0-1"]
[WhiteCountry "PHI"]
[BlackCountry "BLR"]
[WhiteElo "1634"]
[WhiteRD "67"]
[BlackElo "1982"]
[BlackRD "113"]
[GameID "68401"]

1. d4 f5 2. Nc3 g6 3. Nf3 Bg7 4. e4 fxe4 5. Nxe4 Nf6 6. Bc4 Nxe4 7. O-O d5 8. Bb3 Bg4 9. Qd3 c6 10. c4 Bf5
11. Qe3 e6 12. cxd5 cxd5 13. h3 g5 14. Nxg5 Qxg5 15. Qf3 Qg6 16. g4 Bxd4 17. Kh2 Be5+ 18. Kh1 Ng3+ 19. Kg1 Be4 20. Qe3 Nf5
21. Ba4+ Nc6 22. Qc5 Kd7 23. f3 Bd4+
0-1

[Event "DUTCH TOURNOI Pour Mon Pote!"]
[Site "SchemingMind.com"]
[Date "2006.09.20"]
[Round "-"]
[White "Ursus"]
[Black "OlegK"]
[Result "0-1"]
[WhiteCountry "INT"]
[BlackCountry "BLR"]
[WhiteElo "1709"]
[WhiteRD "62"]
[BlackElo "1963"]
[BlackRD "101"]
[GameID "68402"]

1. d4 f5 2. c4 g6 3. Bg5 Bg7 4. Nc3 Nc6 5. Nf3 d6 6. d5 Ne5 7. Nd4 c6 8. e4 Nf6 9. Qc2 Qb6 10. Bd3 Qxd4
11. Rd1 Nxd3+ 12. Rxd3 Qxc4 13. b3 Qc5 14. Be3 Qb4 15. O-O Nxe4 16. Ne2 Bd7 17. f3 Nc5 18. Bd2 Qb5 19. Re3 f4 20. Nc3 Qb6
21. Re2 Bf5 22. Qd1 Bd3 23. Kh1 Bxe2 24. Qxe2 Qa6
0-1

[Event "DUTCH TOURNOI Pour Mon Pote!"]
[Site "SchemingMind.com"]
[Date "2006.09.20"]
[Round "-"]
[White "kifosi"]
[Black "OlegK"]
[Result "0-1"]
[WhiteCountry "DEN"]
[BlackCountry "BLR"]
[WhiteElo "1669"]
[WhiteRD "80"]
[BlackElo "1963"]
[BlackRD "101"]
[GameID "68403"]

1. d4 f5 2. g3 g6 3. c4 Bg7 4. Nf3 Nf6 5. Bg2 d6 6. O-O O-O 7. Nc3 Re8 8. e3 Nc6 9. a3 Be6 10. b3 Bf7
11. Bb2 Qd7 12. Qd2= Rad8 13. d5 Na5 14. Qc2 e6 15. dxe6 Bxe6 16. Nd2 d5 17. cxd5 Nxd5 18. Nxd5 Bxb2 19. Qxb2 Bxd5 20. Bxd5+ Qxd5
21. Rfd1 Qb5 22. b4 Nc6 23. Nf3 a5 24. Nd4 Nxd4 25. Rxd4 c5 26. Rxd8 Rxd8 27. Rb1 axb4 28. axb4 c4 29. Rc1 Rd3 30. Qc2 Qd5
31. h4 c3 32. Qa4 b5
0-1

[Event "DUTCH TOURNOI Pour Mon Pote!"]
[Site "SchemingMind.com"]
[Date "2006.09.20"]
[Round "-"]
[White "mindgame"]
[Black "OlegK"]
[Result "0-1"]
[WhiteCountry "BEL"]
[BlackCountry "BLR"]
[WhiteElo "1583"]
[WhiteRD "93"]
[BlackElo "1982"]
[BlackRD "113"]
[GameID "68404"]

1. d4 f5 2. Nc3 g6 3. e4 fxe4 4. Nxe4 Bg7 5. Nf3 Nf6 6. Bd3 O-O 7. c3 Nc6 8. O-O d6 9. h3 e5 10. Qb3+ Kh8
11. Bg5 Qe8 12. Bxf6 Bxf6 13. Bb5 exd4 14. cxd4 Qxe4 15. Rae1 Qf4
0-1

[Event "DUTCH TOURNOI Pour Mon Pote!"]
[Site "SchemingMind.com"]
[Date "2006.09.20"]
[Round "-"]
[White "Coloplast"]
[Black "OlegK"]
[Result "0-1"]
[WhiteCountry "SWE"]
[BlackCountry "BLR"]
[WhiteElo "1921"]
[WhiteRD "94"]
[BlackElo "1982"]
[BlackRD "113"]
[GameID "68405"]

1. d4 f5 2. c4 g6 3. Nc3 Bg7 4. Nf3 Nf6 5. Bd2 Nc6 6. e3 O-O 7. a3 d6 8. b4 e5 9. dxe5 Nxe5 10. Nxe5 dxe5
11. Be2 Be6 12. O-O c6 13. Qc2 Qe7 14. e4 Qf7 15. c5 Rad8 16. Bg5 Rd4 17. Rad1 Bb3 18. Qb1 Bxd1 19. Rxd1 Nxe4 20. Nxe4 Rxe4
21. Bf3 Rd4 22. Rxd4 exd4 23. Bf4 Qc4 24. Bd6 Re8 25. b5 Qc2 26. Qf1 Qc3 27. Be2 cxb5 28. g3 Qd2 29. Kg2 Rxe2
0-1

[Event "DUTCH TOURNOI Pour Mon Pote!"]
[Site "SchemingMind.com"]
[Date "2006.09.22"]
[Round "-"]
[White "marble"]
[Black "sythymesnos"]
[Result "1-0"]
[WhiteCountry "ENG"]
[BlackCountry "FRA"]
[WhiteElo "1633"]
[WhiteRD "58"]
[BlackElo "1715"]
[BlackRD "70"]
[GameID "68619"]

1. d4 f5 2. g3 Nf6 3. Bg2 e6 4. Nf3 Be7 5. O-O O-O 6. c4 c6 7. Nc3 a6 8. a3 b5 9. c5 Nd5 10. Nxd5 cxd5
11. b4 Nc6 12. Bb2 Bb7 13. a4 Nxb4 14. axb5 axb5 15. Qb3 Nc6 16. Qxb5 Rb8 17. Qd3 d6 18. Qe3 Bc8 19. cxd6 Bxd6 20. Bc3 f4
21. gxf4 Bxf4 22. Qd3 Qf6 23. e3 Bd6 24. e4 dxe4 25. Qxe4 Bb7 26. Qd3 Qf4 27. d5 Ne7 28. Qd4 Qxd4 29. Nxd4 exd5 30. Ne6 Rfc8
31. Bxg7 Kf7 32. Rfe1 Bb4 33. Re2 Rc6 34. Bh3 Rxe6 35. Rxe6 Kxg7 36. Rb1 Bc5 37. Rb5 Ba3 38. Reb6 Rd8 39. Rxb7 Kf6 40. Rb3 Bc5
41. R7b5 Bd4 42. Rf3+ Ke5 43. Bg2 Rc8 44. Rb1 Rc3 45. Rf7 Ng6 46. Rxh7 Rc2 47. Rh5+ Kf4 48. Rf1 Ne7 49. Rh4+ Ke5 50. Re1+
1-0

[Event "DUTCH TOURNOI Pour Mon Pote!"]
[Site "SchemingMind.com"]
[Date "2006.09.23"]
[Round "-"]
[White "marble"]
[Black "janeck"]
[Result "0-1"]
[WhiteCountry "ENG"]
[BlackCountry "FRA"]
[WhiteElo "1601"]
[WhiteRD "58"]
[BlackElo "1632"]
[BlackRD "69"]
[GameID "68620"]

1. d4 f5 2. g3 d5 3. Bg2 Nf6 4. c4 e6 5. Nf3 dxc4 6. b3 cxb3 7. axb3 Be7 8. O-O O-O 9. Bg5 c6 10. Na3 Ng4
11. Bd2 Nd7 12. h3 Ngf6 13. Ne5 Nxe5 14. dxe5 Nd5 15. e4 fxe4 16. Bxe4 Qc7 17. Qh5 g6 18. Qg4 Qxe5 19. Nc4 Qc7 20. f4 e5
21. Qf3 Bxh3 22. Rfe1 exf4 23. Bxd5+ cxd5 24. Qxd5+ Kg7 25. Bxf4 Bc5+ 26. Kh2 Qc8 27. Be5+ Kh6 28. Qd2+ g5 29. Rf1 Bxf1 30. Ne3 Qh3+
31. Kg1 Bxe3+
0-1

[Event "DUTCH TOURNOI Pour Mon Pote!"]
[Site "SchemingMind.com"]
[Date "2006.09.22"]
[Round "-"]
[White "marble"]
[Black "twotone"]
[Result "1-0"]
[WhiteCountry "ENG"]
[BlackCountry "ENG"]
[WhiteElo "1601"]
[WhiteRD "58"]
[BlackElo "1419"]
[BlackRD "66"]
[GameID "68621"]

1. d4 f5 2. g3 c6 3. Bg2 Nf6 4. Nf3 d5 5. O-O Nbd7 6. Nc3 Qc7 7. Bf4 Qb6 8. b3 e6 9. Na4 Qb4 10. a3 Qe7
11. Re1 Nh5 12. Bg5 Nhf6 13. Ne5 h6 14. Bxf6 Qxf6 15. Nf3 Bd6 16. e3 O-O 17. c4 b6 18. Qc2 Bb7 19. c5 Bc7 20. b4 b5
21. Nb2 Rae8 22. a4 a6 23. axb5 cxb5 24. c6 Bxc6 25. Qxc6 Qd8 26. Rxa6 Nb8 27. Qxb5 Nxa6 28. Qxa6 Qb8 29. b5 Qb6 30. Qa4 Rf6
31. Ne5 Bxe5 32. dxe5 Rf7 33. Rc1 Ra7 34. Qb4 Ra5 35. Rc6 Qxb5 36. Qxb5 Rxb5 37. Nd3 g5 38. Bf1 Rb1 39. Nc5 Reb8 40. Kg2 Rc1
41. Ba6 Kg7 42. Nxe6+ Kf7 43. Nxg5+ hxg5 44. Rxc1 Re8 45. f4 gxf4 46. gxf4 Kg6 47. Rc6+ Kh5 48. Be2+
1-0

[Event "DUTCH TOURNOI Pour Mon Pote!"]
[Site "SchemingMind.com"]
[Date "2006.09.22"]
[Round "-"]
[White "marble"]
[Black "banong"]
[Result "0-1"]
[WhiteCountry "ENG"]
[BlackCountry "PHI"]
[WhiteElo "1633"]
[WhiteRD "58"]
[BlackElo "1601"]
[BlackRD "68"]
[GameID "68622"]

1. d4 f5 2. g3 Nf6 3. Bg2 g6 4. Nf3 Bg7 5. O-O O-O 6. c4 d5 7. b3 c6 8. Nc3 dxc4 9. bxc4 Be6 10. Qb3 b5
11. Nd2 Qxd4 12. e3 Qd6 13. Rd1 Qc7 14. Qb4 Na6 15. Qa3 Qc8 16. cxb5 cxb5 17. Bxa8 b4 18. Qa5 bxc3 19. Nf3 c2 20. Rd2 Qxa8
21. Qxa6 Bd5 22. Ne1 Ne4 23. Rxc2 Bxa1 24. Bb2 Bxb2 25. Rxb2 e6 26. f3 Ng5 27. Kg2 Bxf3+ 28. Kg1 Qe4 29. Qf1 Qxe3+ 30. Rf2 Bg4
31. Kh1 Rc8 32. Ng2 Qe4 33. Rf4 Qd5 34. h3 Bxh3 35. Qf2 Ne4 36. Qe3 Rc1+ 37. Qxc1 Nxg3+
0-1

[Event "DUTCH TOURNOI Pour Mon Pote!"]
[Site "SchemingMind.com"]
[Date "2006.09.22"]
[Round "-"]
[White "marble"]
[Black "Ursus"]
[Result "1-0"]
[WhiteCountry "ENG"]
[BlackCountry "INT"]
[WhiteElo "1633"]
[WhiteRD "58"]
[BlackElo "1709"]
[BlackRD "62"]
[GameID "68623"]

1. d4 f5 2. Nf3 Nf6 3. g3 c5 4. Bg2 cxd4 5. Nxd4 e5 6. Nxf5 d5 7. Nh4 Bc5 8. Be3 Bxe3 9. fxe3 Qb6 10. b3 Qxe3
11. Qd2 Ng4 12. Qxe3 Nxe3 13. Kd2 Nxg2 14. Nxg2 Nc6 15. Na3 a6 16. Rad1 b5 17. Kc1 b4 18. Nb1 Nd4 19. Rd2 Bb7 20. e3 Nf3
21. Rf2 O-O 22. Nd2 Nxd2 23. Rxd2 d4 24. exd4 exd4 25. Rhd1 Rac8 26. Nf4 Bf3 27. Rf1 Be4 28. Re1 Bf5 29. Ree2 g5 30. Nd3 Rf7
31. Nxb4 a5 32. Nd3 Rfc7 33. Ne1 Rc3 34. Kb2 Re3 35. Rxe3 dxe3 36. Re2 Re8 37. Ng2 Rc8= 38. c3 Rd8 39. Nxe3 Re8 40. Kc1 Bg4
41. Re1 Kf7 42. Kd2 Bd7 43. Nc4 Rxe1 44. Kxe1 a4 45. Ne5+ Ke6 46. Nxd7 Kxd7 47. bxa4 Kc6 48. Kd2 Kc5 49. Kc2 Kc4 50. Kb2 g4
51. a5 Kb5 52. Kb3 Kxa5 53. a4 h6 54. c4 Kb6 55. Kb4 h5 56. a5+ Ka6 57. c5
1-0

[Event "DUTCH TOURNOI Pour Mon Pote!"]
[Site "SchemingMind.com"]
[Date "2006.09.22"]
[Round "-"]
[White "marble"]
[Black "kifosi"]
[Result "0-1"]
[WhiteCountry "ENG"]
[BlackCountry "DEN"]
[WhiteElo "1601"]
[WhiteRD "58"]
[BlackElo "1649"]
[BlackRD "81"]
[GameID "68624"]

1. d4 f5 2. Nf3 d6 3. g3 Nf6 4. Bg2 e6 5. c4 Be7 6. O-O O-O 7. Nc3 Nc6 8. Re1 e5 9. d5 Na5 10. b3 c6
11. e4 fxe4 12. Nxe4 Nxe4 13. Rxe4 Bf5 14. Re1 c5= 15. Bd2 Bg4 16. a3 Bf6 17. b4 Nxc4 18. bxc5 e4 19. Qc1 Bxa1 20. Qxa1 exf3
21. Bc3 Rf7 22. Re4 Bf5 23. Rxc4 fxg2 24. Rf4 g6 25. Kxg2 dxc5 26. g4 Qxd5+ 27. f3 Bxg4 28. Rxf7 Kxf7 29. Qf1 Bf5 30. Qa1 Re8
31. Bg7 Re2+ 32. Kg3 Qd6+
0-1

[Event "DUTCH TOURNOI Pour Mon Pote!"]
[Site "SchemingMind.com"]
[Date "2006.09.22"]
[Round "-"]
[White "marble"]
[Black "mindgame"]
[Result "1-0"]
[WhiteCountry "ENG"]
[BlackCountry "BEL"]
[WhiteElo "1633"]
[WhiteRD "58"]
[BlackElo "1566"]
[BlackRD "90"]
[GameID "68625"]

1. d4 f5 2. Nf3 b6 3. g3 Bb7 4. Bg2 e6 5. c4 Nf6 6. O-O Be7 7. Nc3 O-O 8. Bg5 d6 9. Re1 Nbd7 10. Bxf6 Bxf6
11. d5 e5 12. e4 f4 13. Ne2 Nc5 14. Nc3 g5 15. gxf4 exf4 16. e5 dxe5 17. Nxe5 Bxe5 18. Rxe5 Qf6 19. Qd4 Kh8 20. Ne4 Nxe4
21. Qxe4 f3 22. Re7 Rf7 23. Rxf7 Qxf7 24. Qxf3 Qxf3 25. Bxf3 Rf8 26. Bg4 b5 27. cxb5 Bxd5 28. a4 Rf4 29. Bd1 Rb4 30. Rc1 Rxb2
31. Kf1 Rd2 32. Bg4 Rd4 33. f3 Rxa4 34. Rxc7 Bc4+ 35. Kf2 Bxb5 36. Bf5 Rh4 37. Kg3 a6 38. f4 Rxf4 39. Rxh7+ Kg8 40. Bc2 Be2
41. Rh6 Rf3+ 42. Kg2 Rf6 43. Rxf6
1-0

[Event "DUTCH TOURNOI Pour Mon Pote!"]
[Site "SchemingMind.com"]
[Date "2006.09.22"]
[Round "-"]
[White "marble"]
[Black "Coloplast"]
[Result "0-1"]
[WhiteCountry "ENG"]
[BlackCountry "SWE"]
[WhiteElo "1601"]
[WhiteRD "58"]
[BlackElo "1921"]
[BlackRD "94"]
[GameID "68626"]

1. d4 f5 2. Nf3 Nf6 3. g3 g6 4. Bg2 Bg7 5. O-O d5 6. b3 O-O 7. c4 e6 8. Re1 Nbd7 9. Nc3 c6 10. Bg5 Qa5
11. Bd2 Qb6 12. Na4 Qd8 13. Ng5 Nb6 14. Ba5 Qe7 15. Qd2 Nxa4 16. bxa4 b6 17. Bb4 c5 18. dxc5 bxc5 19. Bc3 Ne4 20. Nxe4 dxe4
21. f3 exf3 22. Bxf3 Bb7 23. Bxg7 Kxg7 24. Qb2+ e5 25. Qxb7 Qxb7 26. Bxb7 Rab8 27. Bg2 Rb4 28. Red1 Rxa4 29. Rd5 Rxc4 30. Rxe5 Kf6
31. Rd5 Re8 32. Bf1 a5 33. Kf2 Rc2 34. Rd6+ Ke5 35. Rad1 Rxa2 36. Bg2 Re6 37. R1d5+ Kf6 38. Rxe6+ Kxe6 39. Rxc5 Ra1 40. Kf3 a4
41. Ke3 a3 42. Ra5 Kf6 43. Kd3 a2 44. Kc2 Rg1 45. Ra6+ Kg5 46. h4+ Kh6 47. Rxa2= Rxg2 48. Ra3 Rxe2+ 49. Kd1 Re4 50. Ra7 Re3
51. Ra4 Rxg3 52. Ke2 Kh5 53. Kf2 Rg4 54. Rxg4 Kxg4
0-1

[Event "DUTCH TOURNOI Pour Mon Pote!"]
[Site "SchemingMind.com"]
[Date "2006.09.22"]
[Round "-"]
[White "marble"]
[Black "OlegK"]
[Result "0-1"]
[WhiteCountry "ENG"]
[BlackCountry "BLR"]
[WhiteElo "1601"]
[WhiteRD "58"]
[BlackElo "1982"]
[BlackRD "113"]
[GameID "68627"]

1. d4 f5 2. Nf3 g6 3. g3 Bg7 4. Bg2 Nf6 5. O-O O-O 6. Nc3 d6 7. Bg5 Nc6 8. Re1 Re8 9. a3 Nd7 10. Qd2 Nf6
11. Nh4 Qd7 12. Bxf6 Bxf6 13. Qh6 Nxd4 14. e4 Bxh4 15. Qd2 Bf6 16. Nd5 Bg7 17. exf5 Nxf5 18. c3 c6 19. Nf4 e5 20. Ne2 Qf7
21. g4 Nh4 22. Bf1 Nf3+
0-1

[Event "DUTCH TOURNOI Pour Mon Pote!"]
[Site "SchemingMind.com"]
[Date "2006.09.23"]
[Round "-"]
[White "janeck"]
[Black "marble"]
[Result "0-1"]
[WhiteCountry "FRA"]
[BlackCountry "ENG"]
[WhiteElo "1632"]
[WhiteRD "69"]
[BlackElo "1601"]
[BlackRD "58"]
[GameID "68629"]

1. d4 f5 2. c4 Nf6 3. Nc3 e6 4. Qc2 Nc6 5. Nf3 Nb4 6. Qd1 d5 7. a3 Nc6 8. Bg5 h6 9. cxd5 exd5 10. Bxf6 Qxf6
11. e3 Be6 12. Bb5 a6 13. Bxc6+ bxc6 14. Ne5 c5 15. Qh5+ Bf7 16. Nxf7 Qxf7 17. Qxf7+ Kxf7 18. Nxd5 Rc8 19. dxc5 Bxc5 20. O-O Rhd8
21. Rfd1 g5 22. b4 Bf8 23. f4 Bg7 24. Rab1 Ke6 25. e4 fxe4 26. Ne3 Bd4 27. fxg5 Bxe3+ 28. Kf1 Bxg5 29. Ke2 Rg8 30. g3 Rg7
31. Rd4 Ke5 32. Rbd1 Rf8 33. Rd5+ Ke6 34. a4 Rgf7 35. h4 Rf2+
0-1

[Event "DUTCH TOURNOI Pour Mon Pote!"]
[Site "SchemingMind.com"]
[Date "2006.09.22"]
[Round "-"]
[White "twotone"]
[Black "marble"]
[Result "0-1"]
[WhiteCountry "ENG"]
[BlackCountry "ENG"]
[WhiteElo "1419"]
[WhiteRD "66"]
[BlackElo "1601"]
[BlackRD "58"]
[GameID "68630"]

1. d4 f5 2. c4 Nf6 3. Nc3 e6 4. e3 Bb4 5. Bd2 d5 6. cxd5 exd5 7. Qb3 Nc6 8. Be2 Be6 9. Nf3 h6 10. O-O a6
11. Nd1 Bxd2 12. Nxd2 b6 13. Rc1 Na5 14. Qa3 c6 15. b4 Qd6 16. Qa4 O-O 17. bxa5 Ng4 18. f4 b5 19. Qc2 Rfc8 20. Nb1 Qd8
21. h3 Nf6 22. Qd2 Ne4 23. Qe1 Qf6 24. Nbc3 Nd6 25. a3 c5 26. Nb2 cxd4 27. Ncd1 Rxc1 28. Qd2 Rac8 29. exd4 R8c2 30. Qe3 Qg6
31. a4 b4 32. Nd3 Nc4 33. Qf2 Ra1 34. Nxb4 Rcc1 35. Nd3 Rcb1 36. Ne5 Nxe5 37. dxe5 Rb4 38. Bxa6 Rbxa4 39. Bb7 R1a2 40. Qf3 R4a3
41. Bxd5 Rxf3 42. Bxa2 Rxf1+ 43. Kxf1 Bxa2 44. Nc3 Bc4+ 45. Kf2 Qc6
0-1

[Event "DUTCH TOURNOI Pour Mon Pote!"]
[Site "SchemingMind.com"]
[Date "2006.09.22"]
[Round "-"]
[White "banong"]
[Black "marble"]
[Result "0-1"]
[WhiteCountry "PHI"]
[BlackCountry "ENG"]
[WhiteElo "1601"]
[WhiteRD "68"]
[BlackElo "1633"]
[BlackRD "58"]
[GameID "68631"]

1. d4 f5 2. c4 Nf6 3. Nf3 e6 4. Nc3 b6 5. Bg5 h6 6. Bh4 Bb7 7. d5 exd5 8. cxd5 g5 9. Nxg5 hxg5 10. Bxg5 Be7
11. e3 d6 12. Bc4 c6 13. O-O cxd5 14. Nxd5 Bxd5 15. Bxf6 Bxc4 16. Bxh8 Bxf1 17. Kxf1 Kd7 18. Qd5 Nc6 19. Qxf5+ Kc7 20. Bc3 Qf8
21. Qh7 Re8 22. Rc1 Kb8 23. Bg7 Qg8 24. Qxg8 Rxg8 25. Rxc6 Rxg7 26. g3 Rg5 27. h4 Rd5 28. Ke2 Rc5 29. Rxc5 bxc5 30. h5 Bf8
31. f4 Kc7 32. Kf3 d5 33. f5 Kd6 34. e4 d4 35. g4 d3 36. g5 c4 37. h6 Ke5 38. f6 Kd4
0-1